Pemasangan litar elektrik (Record no. 26474)

MARC details
000 -LEADER
fixed length control field 00744nam a2200265 i 4500
001 - CONTROL NUMBER
control field C2-0108098
003 - CONTROL NUMBER IDENTIFIER
control field PPAK
005 - DATE AND TIME OF LATEST TRANSACTION
control field 20180727102326.0
008 - FIXED-LENGTH DATA ELEMENTS--GENERAL INFORMATION
fixed length control field 970615s1988 my a|||| ||||| | may d
020 ## - INTERNATIONAL STANDARD BOOK NUMBER
International Standard Book Number 9679959260
040 ## - CATALOGING SOURCE
Original cataloging agency PPAK
Language of cataloging eng
Transcribing agency PPAK
Description conventions rda
082 04 - DEWEY DECIMAL CLASSIFICATION NUMBER
Classification number 621.3192
Edition number 23
090 00 - LOCALLY ASSIGNED LC-TYPE CALL NUMBER (OCLC); LOCAL CALL NUMBER (RLIN)
Classification number (OCLC) (R) ; Classification number, CALL (RLIN) (NR) 621.3192
Feature heading DUN
Feature heading G
100 1# - MAIN ENTRY--PERSONAL NAME
Personal name Duncan, C.,
Relator term author
245 10 - TITLE STATEMENT
Title Pemasangan litar elektrik
264 #1 - PRODUCTION, PUBLICATION, DISTRIBUTION, MANUFACTURE, AND COPYRIGHT NOTICE
Place of production, publication, distribution, manufacture Kuala Lumpur :
Name of producer, publisher, distributor, manufacturer Golden Books ,
Date of production, publication, distribution, manufacture, or copyright notice 1988
300 ## - PHYSICAL DESCRIPTION
Extent 84 pages :
Other physical details illustrations ;
Dimensions 30 cm
336 ## - CONTENT TYPE
Source rdacontent
Content type term text
337 ## - MEDIA TYPE
Source rdamedia
Media type term unmediated
338 ## - CARRIER TYPE
Source rdacarrier
Carrier type term volume
500 ## - GENERAL NOTE
General note Judul asal : The insatallation of electrical circuits
650 10 - SUBJECT ADDED ENTRY--TOPICAL TERM
Topical term or geographic name entry element Electric circuits
700 ## - ADDED ENTRY--PERSONAL NAME
Relator term author
942 ## - ADDED ENTRY ELEMENTS (KOHA)
-- dc
Koha item type Book
Holdings
Withdrawn Not for loan Current library Shelving location Date acquired Full call number Barcode Date last seen Koha item type
    Perpustakaan Awam Sungai Petani Pinjaman Dewasa 04/04/1999 621.3192 DUN A00250140 08/05/2018 Book
    Perpustakaan Jitra Pinjaman Dewasa 04/04/1999 621.3192 DUN A00250141 08/05/2018 Book
    Perpustakaan Kulim Pinjaman Dewasa 04/04/1999 621.3192 DUN A00250143 08/05/2018 Book
    Perpustakaan Yan Pinjaman Dewasa 04/04/1999 621.3192 DUN A00250144 08/05/2018 Book